000 00485nam a2200157 i 4500
001 57715
003 ES-MaACL
005 20230906163629.0
007 t|
008 031017s1906 sp ||||1| spa d
100 1 _aDomínguez Roldan, Guillermo.
_945245
245 1 0 _aLugar que ocupa Cervantes en las letras castellanas
_b: conferencia /
_cGuillermo Domínguez Roldan.
250 _a2ª ed.
260 _aMadrid :
_b[s.n.,
_c1906] (
_fEst. Tip. El Arte)
852 _aES-MaACL
_j1615-F-17
999 _c57715
_d57715